000 00293nam a22001337a 4500
008 170621b xxu||||| |||| 00| 0 eng d
020 _a0131722883
041 _aeng
080 _a94
100 _a18
101 _aSHH
245 _aCOPING WITH CAPITALISM
_cRANSON.R.L
942 _2udc
_cBK
999 _c18439
_d18439